[Event "Rapid Tournament (RAP)"]
[Site "Biel, CH"]
[Date "2025.07.13"]
[Round "1"]
[White "Knuesel, Jolan"]
[Black "Peter, Raymond"]
[Result "1/2-1/2"]
[Board "52"]
[WhiteFideId "1364529"]
[BlackFideId "1308890"]
[WhiteElo "1600"]
[BlackElo "1968"]
[WhiteTeam "SUI"]
[BlackTeam "SUI"]
[WhiteClock "0:00:28"]
[BlackClock "0:04:44"]
[Variant "Standard"]

1. d4 {[%clk 0:15:09]}  Nf6 {[%clk 0:15:08]} 2. Bf4 {[%clk 0:15:12]}  d6 {[%clk 0:14:58]} 3. e3 {[%clk 0:15:14]}  Nc6 {[%clk 0:14:36]} 4. Nf3 {[%clk 0:15:16]}  h6 {[%clk 0:14:30]} 5. Bd3 {[%clk 0:15:08]}  Nh5 {[%clk 0:14:30]} 6. Bg3 {[%clk 0:15:05]}  Nxg3 {[%clk 0:14:34]} 7. hxg3 {[%clk 0:15:09]}  e5 {[%clk 0:14:22]} 8. c3 {[%clk 0:14:51]}  Bg4 {[%clk 0:14:21]} 9. Qc2 {[%clk 0:14:37]}  Qe7 {[%clk 0:13:55]} 10. Nbd2 {[%clk 0:13:10]}  exd4 {[%clk 0:13:47]} 11. cxd4 {[%clk 0:12:38]}  O-O-O {[%clk 0:13:36]} 12. Bf5+ {[%clk 0:12:29]}  Bxf5 {[%clk 0:13:25]} 13. Qxf5+ {[%clk 0:12:31]}  Kb8 {[%clk 0:13:26]} 14. O-O {[%clk 0:11:53]}  g6 {[%clk 0:13:28]} 15. Qb5 {[%clk 0:11:42]}  a6 {[%clk 0:13:30]} 16. Qb3 {[%clk 0:11:44]}  d5 {[%clk 0:13:21]} 17. Rfc1 {[%clk 0:11:05]}  Na5 {[%clk 0:12:46]} 18. Qc3 {[%clk 0:10:39]}  Nc6 {[%clk 0:12:31]} 19. Nb3 {[%clk 0:09:34]}  Qb4 {[%clk 0:11:50]} 20. Qxb4 {[%clk 0:08:53]}  Bxb4 {[%clk 0:11:52]} 21. a3 {[%clk 0:08:57]}  Bd6 {[%clk 0:11:08]} 22. Nc5 {[%clk 0:08:32]}  Bxc5 {[%clk 0:10:53]} 23. Rxc5 {[%clk 0:08:20]}  Rd6 {[%clk 0:10:41]} 24. b4 {[%clk 0:08:03]}  f6 {[%clk 0:10:39]} 25. b5 {[%clk 0:07:31]}  axb5 {[%clk 0:10:37]} 26. Rxb5 {[%clk 0:07:24]}  Na7 {[%clk 0:10:33]} 27. Rb3 {[%clk 0:07:01]}  b5 {[%clk 0:09:32]} 28. a4 {[%clk 0:06:10]}  Rb6 {[%clk 0:09:10]} 29. axb5 {[%clk 0:06:12]}  Nxb5 {[%clk 0:09:11]} 30. Rab1 {[%clk 0:06:02]}  c6 {[%clk 0:09:14]} 31. Ne1 {[%clk 0:05:34]}  Kc7 {[%clk 0:09:07]} 32. Nd3 {[%clk 0:05:33]}  Rhb8 {[%clk 0:09:03]} 33. Nc5 {[%clk 0:05:16]}  Kd6 {[%clk 0:08:38]} 34. Na4 {[%clk 0:04:24]}  Ra6 {[%clk 0:08:41]} 35. Nc3 {[%clk 0:03:40]}  Nxc3 {[%clk 0:07:40]} 36. Rxb8 {[%clk 0:03:43]}  Nxb1 {[%clk 0:07:43]} 37. Rxb1 {[%clk 0:03:46]}  c5 {[%clk 0:07:36]} 38. dxc5+ {[%clk 0:03:44]}  Kxc5 {[%clk 0:07:39]} 39. Rc1+ {[%clk 0:03:34]}  Kd6 {[%clk 0:07:42]} 40. Rd1 {[%clk 0:02:37]}  f5 {[%clk 0:07:44]} 41. f3 {[%clk 0:02:02]}  Ke5 {[%clk 0:07:41]} 42. Rd4 {[%clk 0:01:38]}  Ra2 {[%clk 0:07:38]} 43. Kf1 {[%clk 0:01:28]}  g5 {[%clk 0:07:30]} 44. f4+ {[%clk 0:01:23]}  Ke6 {[%clk 0:07:24]} 45. fxg5 {[%clk 0:01:18]}  hxg5 {[%clk 0:07:27]} 46. g4 {[%clk 0:01:22]}  Ra5 {[%clk 0:05:51]} 47. gxf5+ {[%clk 0:01:12]}  Kxf5 {[%clk 0:05:50]} 48. Kf2 {[%clk 0:01:12]}  Ke5 {[%clk 0:05:23]} 49. Rg4 {[%clk 0:01:03]}  Kf5 {[%clk 0:05:26]} 50. Rd4 {[%clk 0:01:05]}  g4 {[%clk 0:05:16]} 51. Rf4+ {[%clk 0:00:36]}  Kg5 {[%clk 0:05:18]} 52. Kg3 {[%clk 0:00:40]}  Ra3 {[%clk 0:05:22]} 53. Rxg4+ {[%clk 0:00:43]}  Kf5 {[%clk 0:05:25]} 54. Rd4 {[%clk 0:00:38]}  Rxe3+ {[%clk 0:05:26]} 55. Kf2 {[%clk 0:00:41]}  Re5 {[%clk 0:05:23]} 56. Kf3 {[%clk 0:00:41]}  Ke6 {[%clk 0:05:13]} 57. Kf4 {[%clk 0:00:30]}  Rf5+ {[%clk 0:05:11]} 58. Kg4 {[%clk 0:00:19]}  Rf8 {[%clk 0:05:14]} 59. Rf4 {[%clk 0:00:14]}  Rg8+ {[%clk 0:04:56]} 60. Kf3 {[%clk 0:00:18]}  Ke5 {[%clk 0:05:00]} 61. g4 {[%clk 0:00:20]}  Rg5 {[%clk 0:04:53]} 62. Rf5+ {[%clk 0:00:18]}  Rxf5+ {[%clk 0:04:56]} 63. gxf5 {[%clk 0:00:22]}  Kxf5 {[%clk 0:04:59]} 64. Ke3 {[%clk 0:00:26]}  Ke5 {[%clk 0:05:03]} 65. Kd3 {[%clk 0:00:30]}  Kd6 {[%clk 0:04:39]} 66. Kd4 {[%clk 0:00:33]}  Kc6 {[%clk 0:04:43]} 67. Kd3 {[%clk 0:00:33]}  Kc5 {[%clk 0:04:47]} 68. Kc3 {[%clk 0:00:36]}  d4+ {[%clk 0:04:40]} 69. Kd3 {[%clk 0:00:39]}  Kd5 {[%clk 0:04:44]} 70. Kd2 {[%clk 0:00:41]}  Ke4 {[%clk 0:04:47]} 71. Ke2 {[%clk 0:00:45]}  Kf5 {[%clk 0:04:39]} 72. Kd3 {[%clk 0:00:36]}  Ke5 {[%clk 0:04:42]} 73. Kd2 {[%clk 0:00:40]}  Kd6 {[%clk 0:04:39]} 74. Kd3 {[%clk 0:00:43]}  Kd5 {[%clk 0:04:44]} 75. Kd2 {[%clk 0:00:46]}  Kc4 {[%clk 0:04:45]} 76. Kc2 {[%clk 0:00:50]}  d3+ {[%clk 0:04:49]} 77. Kd2 {[%clk 0:00:54]}  Kd4 {[%clk 0:04:53]} 78. Kd1 {[%clk 0:00:28]}  Ke4 {[%clk 0:04:44]} 1/2-1/2

[Event "Rapid Tournament (RAP)"]
[Site "Biel, CH"]
[Date "2025.07.13"]
[Round "1"]
[White "Binggeli, Christian"]
[Black "Kuhn, Oliver"]
[Result "1-0"]
[Board "53"]
[WhiteFideId "1307622"]
[BlackFideId "1329960"]
[WhiteElo "1963"]
[BlackElo "1584"]
[WhiteTeam "SUI"]
[BlackTeam "SUI"]
[WhiteClock "0:08:44"]
[BlackClock "0:04:19"]
[Variant "Standard"]

1. d4 {[%clk 0:15:07]}  d5 {[%clk 0:15:09]} 2. Bg5 {[%clk 0:15:08]}  Nc6 {[%clk 0:15:09]} 3. e3 {[%clk 0:14:37]}  f6 {[%clk 0:15:03]} 4. Bh4 {[%clk 0:14:20]}  e6 {[%clk 0:14:49]} 5. c4 {[%clk 0:13:59]}  Bb4+ {[%clk 0:14:51]} 6. Nc3 {[%clk 0:13:56]}  Nge7 {[%clk 0:14:16]} 7. Nf3 {[%clk 0:13:29]}  O-O {[%clk 0:13:03]} 8. Qc2 {[%clk 0:12:10]}  Bxc3+ {[%clk 0:10:47]} 9. bxc3 {[%clk 0:11:44]}  b6 {[%clk 0:10:32]} 10. Bd3 {[%clk 0:11:32]}  dxc4 {[%clk 0:09:39]} 11. Bxh7+ {[%clk 0:11:30]}  Kh8 {[%clk 0:09:36]} 12. Be4 {[%clk 0:09:54]}  Qd6 {[%clk 0:08:00]} 13. Nd2 {[%clk 0:09:33]}  f5 {[%clk 0:07:30]} 14. Bxe7 {[%clk 0:08:51]}  Qxe7 {[%clk 0:07:22]} 15. Bxc6 {[%clk 0:08:53]}  Rb8 {[%clk 0:07:11]} 16. Nxc4 {[%clk 0:08:51]}  Ba6 {[%clk 0:06:47]} 17. Ne5 {[%clk 0:08:51]}  b5 {[%clk 0:04:20]} 18. Ng6+ {[%clk 0:08:51]}  Kg8 {[%clk 0:04:16]} 19. Nxe7+ {[%clk 0:08:53]}  Kf7 {[%clk 0:04:19]} 20. Nxf5 {[%clk 0:08:44]} 1-0

[Event "Rapid Tournament (RAP)"]
[Site "Biel, CH"]
[Date "2025.07.13"]
[Round "1"]
[White "Zarri, Philippe"]
[Black "Yu, Tianxiang Carlos"]
[Result "0-1"]
[Board "54"]
[WhiteFideId "1319590"]
[BlackFideId "39922723"]
[WhiteElo "1582"]
[BlackElo "1962"]
[WhiteTeam "SUI"]
[BlackTeam "USA"]
[WhiteClock "0:10:52"]
[BlackClock "0:05:47"]
[Variant "Standard"]

1. e4 {[%clk 0:15:08]}  c5 {[%clk 0:15:09]} 2. Nf3 {[%clk 0:15:09]}  d6 {[%clk 0:15:12]} 3. d4 {[%clk 0:15:08]}  cxd4 {[%clk 0:15:15]} 4. Nxd4 {[%clk 0:15:11]}  Nf6 {[%clk 0:15:18]} 5. Nc3 {[%clk 0:15:11]}  g6 {[%clk 0:14:55]} 6. Bg5 {[%clk 0:15:07]}  Bg7 {[%clk 0:14:58]} 7. Qd2 {[%clk 0:15:04]}  O-O {[%clk 0:14:57]} 8. O-O-O {[%clk 0:15:02]}  Nc6 {[%clk 0:14:36]} 9. Nxc6 {[%clk 0:14:54]}  bxc6 {[%clk 0:14:40]} 10. e5 {[%clk 0:14:24]}  Nd5 {[%clk 0:09:26]} 11. Nxd5 {[%clk 0:14:09]}  cxd5 {[%clk 0:09:30]} 12. Qxd5 {[%clk 0:14:07]}  Be6 {[%clk 0:08:57]} 13. Qd2 {[%clk 0:13:37]}  Bxe5 {[%clk 0:08:48]} 14. Bh6 {[%clk 0:13:04]}  Qb6 {[%clk 0:08:40]} 15. b3 {[%clk 0:12:45]}  Rfc8 {[%clk 0:08:44]} 16. Bd3 {[%clk 0:12:03]}  a5 {[%clk 0:07:06]} 17. Be3 {[%clk 0:11:54]}  Qc7 {[%clk 0:06:32]} 18. h4 {[%clk 0:11:24]}  a4 {[%clk 0:06:27]} 19. b4 {[%clk 0:11:09]}  Bxa2 {[%clk 0:05:46]} 20. h5 {[%clk 0:11:06]}  a3 {[%clk 0:05:50]} 21. hxg6 {[%clk 0:10:52]}  Bb2# {[%clk 0:05:47]} 0-1

[Event "Rapid Tournament (RAP)"]
[Site "Biel, CH"]
[Date "2025.07.13"]
[Round "1"]
[White "Avaria, Diego"]
[Black "Cloete, Willem Francois"]
[Result "0-1"]
[Board "55"]
[WhiteFideId "1335723"]
[BlackFideId "14358387"]
[WhiteElo "1958"]
[BlackElo "1567"]
[WhiteTeam "SUI"]
[BlackTeam "RSA"]
[WhiteClock "0:01:13"]
[BlackClock "0:01:23"]
[Variant "Standard"]

1. e4 {[%clk 0:15:09]}  c5 {[%clk 0:15:08]} 2. c3 {[%clk 0:15:13]}  Nf6 {[%clk 0:15:06]} 3. e5 {[%clk 0:15:01]}  Nd5 {[%clk 0:15:09]} 4. Bc4 {[%clk 0:15:02]}  Nb6 {[%clk 0:15:11]} 5. Bb3 {[%clk 0:15:05]}  d6 {[%clk 0:15:02]} 6. exd6 {[%clk 0:14:16]}  Qxd6 {[%clk 0:14:58]} 7. Nf3 {[%clk 0:13:42]}  Nc6 {[%clk 0:14:10]} 8. O-O {[%clk 0:12:53]}  g6 {[%clk 0:13:16]} 9. Ng5 {[%clk 0:11:00]}  c4 {[%clk 0:12:41]} 10. Bc2 {[%clk 0:11:03]}  Bg7 {[%clk 0:11:17]} 11. Qe2 {[%clk 0:10:38]}  O-O {[%clk 0:10:01]} 12. Na3 {[%clk 0:10:41]}  Ne5 {[%clk 0:08:30]} 13. Ne4 {[%clk 0:08:26]}  Qd5 {[%clk 0:07:10]} 14. b3 {[%clk 0:07:29]}  Bd7 {[%clk 0:06:04]} 15. bxc4 {[%clk 0:06:36]}  Nbxc4 {[%clk 0:05:37]} 16. d4 {[%clk 0:06:16]}  Nxa3 {[%clk 0:04:53]} 17. Bxa3 {[%clk 0:06:19]}  Ng4 {[%clk 0:04:10]} 18. Nc5 {[%clk 0:04:38]}  Qd6 {[%clk 0:02:58]} 19. g3 {[%clk 0:04:15]}  Rfe8 {[%clk 0:02:25]} 20. Nxd7 {[%clk 0:03:33]}  Qxd7 {[%clk 0:02:25]} 21. Be4 {[%clk 0:02:49]}  f5 {[%clk 0:01:55]} 22. Bg2 {[%clk 0:02:36]}  e5 {[%clk 0:01:41]} 23. Qc4+ {[%clk 0:02:12]}  Kh8 {[%clk 0:01:43]} 24. d5 {[%clk 0:01:57]}  Rac8 {[%clk 0:01:33]} 25. Qb3 {[%clk 0:02:01]}  e4 {[%clk 0:01:30]} 26. h3 {[%clk 0:02:03]}  Ne5 {[%clk 0:01:23]} 27. Rab1 {[%clk 0:02:00]}  b6 {[%clk 0:01:21]} 28. Rfd1 {[%clk 0:01:13]}  Nf3+ {[%clk 0:01:23]} 0-1

[Event "Rapid Tournament (RAP)"]
[Site "Biel, CH"]
[Date "2025.07.13"]
[Round "2"]
[White "Javet, Blaise"]
[Black "Bok, Benjamin"]
[Result "0-1"]
[Board "1"]
[WhiteFideId "1305026"]
[BlackFideId "1017063"]
[BlackTitle "GM"]
[WhiteElo "1995"]
[BlackElo "2585"]
[WhiteTeam "SUI"]
[BlackTeam "NED"]
[WhiteClock "0:02:30"]
[BlackClock "0:05:40"]
[Variant "Standard"]

1. e4 {[%clk 0:15:07]}  c5 {[%clk 0:15:09]} 2. Nf3 {[%clk 0:15:10]}  d6 {[%clk 0:15:12]} 3. d4 {[%clk 0:15:13]}  cxd4 {[%clk 0:15:16]} 4. Nxd4 {[%clk 0:15:15]}  Nf6 {[%clk 0:15:19]} 5. Nc3 {[%clk 0:15:19]}  a6 {[%clk 0:15:23]} 6. Bg5 {[%clk 0:15:00]}  Nbd7 {[%clk 0:15:26]} 7. f4 {[%clk 0:14:32]}  Qc7 {[%clk 0:15:29]} 8. Qd2 {[%clk 0:13:45]}  e6 {[%clk 0:12:25]} 9. Be2 {[%clk 0:13:25]}  b5 {[%clk 0:12:22]} 10. a3 {[%clk 0:13:20]}  Bb7 {[%clk 0:12:25]} 11. Bf3 {[%clk 0:09:35]}  Be7 {[%clk 0:12:28]} 12. Nb3 {[%clk 0:09:09]}  O-O {[%clk 0:11:44]} 13. O-O {[%clk 0:08:59]}  Rac8 {[%clk 0:10:58]} 14. Rad1 {[%clk 0:08:46]}  Rfd8 {[%clk 0:10:11]} 15. Kh1 {[%clk 0:08:17]}  Nb6 {[%clk 0:10:10]} 16. Na5 {[%clk 0:08:09]}  Ba8 {[%clk 0:10:12]} 17. Qe2 {[%clk 0:06:57]}  h6 {[%clk 0:09:25]} 18. Bh4 {[%clk 0:06:25]}  Na4 {[%clk 0:07:45]} 19. Nxa4 {[%clk 0:05:23]}  bxa4 {[%clk 0:07:48]} 20. Qxa6 {[%clk 0:04:35]}  Nxe4 {[%clk 0:07:46]} 21. Bxe7 {[%clk 0:04:18]}  Qxe7 {[%clk 0:07:50]} 22. Nc4 {[%clk 0:03:56]}  Nc5 {[%clk 0:07:30]} 23. Qa5 {[%clk 0:03:40]}  Bxf3 {[%clk 0:07:07]} 24. Rxf3 {[%clk 0:03:41]}  d5 {[%clk 0:06:34]} 25. Nb6 {[%clk 0:03:07]}  Rb8 {[%clk 0:06:57]} 26. Nxa4 {[%clk 0:03:01]}  Nxa4 {[%clk 0:06:54]} 27. Qxa4 {[%clk 0:03:05]}  Rxb2 {[%clk 0:06:29]} 28. h3 {[%clk 0:02:44]}  Rc8 {[%clk 0:06:41]} 29. Rc1 {[%clk 0:02:21]}  Rc4 {[%clk 0:06:27]} 30. Qa8+ {[%clk 0:02:31]}  Kh7 {[%clk 0:06:30]} 31. f5 {[%clk 0:02:28]}  Qg5 {[%clk 0:05:46]} 32. Rff1 {[%clk 0:02:32]}  Rcxc2 {[%clk 0:05:38]} 33. Rxc2 {[%clk 0:02:30]}  Rxc2 {[%clk 0:05:40]} 0-1

[Event "Rapid Tournament (RAP)"]
[Site "Biel, CH"]
[Date "2025.07.13"]
[Round "2"]
[White "Yilmaz, Mustafa"]
[Black "Doxarve, Nils"]
[Result "1-0"]
[Board "2"]
[WhiteFideId "6302718"]
[BlackFideId "1340000"]
[WhiteTitle "GM"]
[WhiteElo "2547"]
[BlackElo "1990"]
[WhiteTeam "TUR"]
[BlackTeam "SUI"]
[WhiteClock "0:00:38"]
[BlackClock "0:00:51"]
[Variant "Standard"]

1. c4 {[%clk 0:15:08]}  Nf6 {[%clk 0:15:05]} 2. Nc3 {[%clk 0:15:12]}  e5 {[%clk 0:15:09]} 3. g3 {[%clk 0:14:54]}  c6 {[%clk 0:15:11]} 4. d4 {[%clk 0:14:39]}  e4 {[%clk 0:15:15]} 5. Bg2 {[%clk 0:13:48]}  d5 {[%clk 0:15:17]} 6. Bg5 {[%clk 0:13:47]}  Be7 {[%clk 0:14:03]} 7. cxd5 {[%clk 0:12:25]}  cxd5 {[%clk 0:13:52]} 8. Bxf6 {[%clk 0:12:16]}  Bxf6 {[%clk 0:13:55]} 9. e3 {[%clk 0:12:20]}  Be6 {[%clk 0:12:36]} 10. Nge2 {[%clk 0:12:17]}  O-O {[%clk 0:12:24]} 11. O-O {[%clk 0:11:21]}  Nc6 {[%clk 0:12:21]} 12. Rc1 {[%clk 0:10:57]}  Rc8 {[%clk 0:06:52]} 13. Na4 {[%clk 0:07:25]}  b6 {[%clk 0:08:46]} 14. Nf4 {[%clk 0:07:09]}  Qd7 {[%clk 0:07:04]} 15. Nc3 {[%clk 0:04:16]}  Ne7 {[%clk 0:04:47]} 16. Rc2 {[%clk 0:03:54]}  Ng6 {[%clk 0:03:53]} 17. Nxe6 {[%clk 0:02:26]}  Qxe6 {[%clk 0:03:50]} 18. Qh5 {[%clk 0:02:23]}  Rc6 {[%clk 0:03:07]} 19. Rfc1 {[%clk 0:01:32]}  Rd8 {[%clk 0:02:47]} 20. Nxe4 {[%clk 0:01:14]}  Rxc2 {[%clk 0:02:28]} 21. Nxf6+ {[%clk 0:01:18]}  Qxf6 {[%clk 0:02:00]} 22. Rxc2 {[%clk 0:01:21]}  Ne7 {[%clk 0:02:03]} 23. Qe5 {[%clk 0:00:31]}  Qxe5 {[%clk 0:01:35]} 24. dxe5 {[%clk 0:00:35]}  Ng6 {[%clk 0:01:24]} 25. f4 {[%clk 0:00:36]}  Kf8 {[%clk 0:01:28]} 26. Kf2 {[%clk 0:00:30]}  d4 {[%clk 0:01:25]} 27. exd4 {[%clk 0:00:33]}  Rxd4 {[%clk 0:01:29]} 28. Ke3 {[%clk 0:00:33]}  Rd1 {[%clk 0:01:28]} 29. Rc8+ {[%clk 0:00:28]}  Ke7 {[%clk 0:01:27]} 30. Rc7+ {[%clk 0:00:32]}  Rd7 {[%clk 0:00:50]} 31. Rxd7+ {[%clk 0:00:35]}  Kxd7 {[%clk 0:00:53]} 32. Bd5 {[%clk 0:00:33]}  f6 {[%clk 0:00:53]} 33. exf6 {[%clk 0:00:31]}  gxf6 {[%clk 0:00:56]} 34. Be4 {[%clk 0:00:35]}  Nf8 {[%clk 0:00:59]} 35. Bf5+ {[%clk 0:00:39]}  Kd6 {[%clk 0:01:04]} 36. Kd4 {[%clk 0:00:43]}  h6 {[%clk 0:00:58]} 37. g4 {[%clk 0:00:35]}  a6 {[%clk 0:00:51]} 38. h4 {[%clk 0:00:38]} 1-0

[Event "Rapid Tournament (RAP)"]
[Site "Biel, CH"]
[Date "2025.07.13"]
[Round "2"]
[White "Kwiatkowski, Maciej"]
[Black "Karthikeyan, Murali"]
[Result "0-1"]
[Board "3"]
[WhiteFideId "1360175"]
[BlackFideId "5074452"]
[BlackTitle "GM"]
[WhiteElo "1982"]
[BlackElo "2522"]
[WhiteTeam "SUI"]
[BlackTeam "IND"]
[WhiteClock "0:00:17"]
[BlackClock "0:00:39"]
[Variant "Standard"]

1. e4 {[%clk 0:15:08]}  g6 {[%clk 0:14:59]} 2. Nf3 {[%clk 0:14:57]}  Bg7 {[%clk 0:15:01]} 3. Bc4 {[%clk 0:14:53]}  e6 {[%clk 0:14:56]} 4. O-O {[%clk 0:14:42]}  d5 {[%clk 0:14:13]} 5. exd5 {[%clk 0:14:38]}  exd5 {[%clk 0:14:17]} 6. Bb3 {[%clk 0:14:11]}  Ne7 {[%clk 0:13:07]} 7. d4 {[%clk 0:13:39]}  O-O {[%clk 0:13:49]} 8. Bg5 {[%clk 0:13:31]}  f6 {[%clk 0:12:52]} 9. Bf4 {[%clk 0:13:08]}  g5 {[%clk 0:12:51]} 10. Bd2 {[%clk 0:12:10]}  Ng6 {[%clk 0:11:53]} 11. c4 {[%clk 0:11:03]}  g4 {[%clk 0:09:09]} 12. Ne1 {[%clk 0:11:00]}  Nc6 {[%clk 0:09:05]} 13. Bc3 {[%clk 0:08:38]}  dxc4 {[%clk 0:08:57]} 14. Bxc4+ {[%clk 0:08:41]}  Kh8 {[%clk 0:09:01]} 15. Nc2 {[%clk 0:08:22]}  f5 {[%clk 0:08:49]} 16. Re1 {[%clk 0:07:10]}  f4 {[%clk 0:07:31]} 17. d5 {[%clk 0:04:11]}  Nce5 {[%clk 0:07:31]} 18. Bf1 {[%clk 0:04:05]}  Qh4 {[%clk 0:05:02]} 19. Nd2 {[%clk 0:03:31]}  g3 {[%clk 0:04:38]} 20. fxg3 {[%clk 0:03:06]}  fxg3 {[%clk 0:04:40]} 21. h3 {[%clk 0:03:09]}  Bg4 {[%clk 0:04:09]} 22. Qc1 {[%clk 0:01:10]}  Rf4 {[%clk 0:01:30]} 23. Ne3 {[%clk 0:00:43]}  Bd7 {[%clk 0:01:25]} 24. b3 {[%clk 0:00:32]}  b5 {[%clk 0:01:00]} 25. Qb2 {[%clk 0:00:36]}  b4 {[%clk 0:01:03]} 26. Bxe5 {[%clk 0:00:20]}  Bxe5 {[%clk 0:01:06]} 27. Qc1 {[%clk 0:00:23]}  Raf8 {[%clk 0:00:58]} 28. Rb1 {[%clk 0:00:25]}  Rf2 {[%clk 0:00:42]} 29. Nf3 {[%clk 0:00:19]}  R8xf3 {[%clk 0:00:41]} 30. gxf3 {[%clk 0:00:23]}  Bxh3 {[%clk 0:00:45]} 31. Qc6 {[%clk 0:00:14]}  Bd7 {[%clk 0:00:35]} 32. Qxd7 {[%clk 0:00:17]}  Qh2# {[%clk 0:00:39]} 0-1

[Event "Rapid Tournament (RAP)"]
[Site "Biel, CH"]
[Date "2025.07.13"]
[Round "2"]
[White "Kobalia, Mikhail"]
[Black "Mikavica, Dragoljub"]
[Result "1-0"]
[Board "4"]
[WhiteFideId "4119150"]
[BlackFideId "1308726"]
[WhiteTitle "GM"]
[WhiteElo "2509"]
[BlackElo "1980"]
[WhiteTeam "FID"]
[BlackTeam "SUI"]
[WhiteClock "0:09:04"]
[BlackClock "0:08:14"]
[Variant "Standard"]

1. e4 {[%clk 0:15:07]}  e6 {[%clk 0:15:09]} 2. d3 {[%clk 0:15:10]}  c5 {[%clk 0:15:13]} 3. Nf3 {[%clk 0:15:09]}  Nc6 {[%clk 0:15:11]} 4. g3 {[%clk 0:15:11]}  g6 {[%clk 0:15:17]} 5. d4 {[%clk 0:14:53]}  Bg7 {[%clk 0:15:14]} 6. dxc5 {[%clk 0:14:33]}  Qa5+ {[%clk 0:15:18]} 7. c3 {[%clk 0:14:32]}  Qxc5 {[%clk 0:15:21]} 8. Be3 {[%clk 0:14:13]}  Qa5 {[%clk 0:14:46]} 9. Nbd2 {[%clk 0:13:17]}  d5 {[%clk 0:14:25]} 10. Nb3 {[%clk 0:13:18]}  Qd8 {[%clk 0:14:03]} 11. exd5 {[%clk 0:13:09]}  Qxd5 {[%clk 0:13:59]} 12. Qxd5 {[%clk 0:12:37]}  exd5 {[%clk 0:13:49]} 13. Nfd4 {[%clk 0:12:33]}  Nge7 {[%clk 0:14:01]} 14. Nxc6 {[%clk 0:12:24]}  bxc6 {[%clk 0:14:02]} 15. Bc5 {[%clk 0:12:21]}  Be6 {[%clk 0:13:54]} 16. Ba6 {[%clk 0:11:54]}  Bc8 {[%clk 0:13:33]} 17. Bf1 {[%clk 0:11:36]}  Be6 {[%clk 0:13:10]} 18. O-O-O {[%clk 0:11:35]}  Bf5 {[%clk 0:13:01]} 19. Re1 {[%clk 0:10:29]}  Bf6 {[%clk 0:12:24]} 20. Nd4 {[%clk 0:10:05]}  Bd7 {[%clk 0:11:58]} 21. Ba6 {[%clk 0:09:51]}  Rb8 {[%clk 0:11:00]} 22. Rxe7+ {[%clk 0:09:37]}  Bxe7 {[%clk 0:10:59]} 23. Re1 {[%clk 0:09:39]}  Be6 {[%clk 0:10:45]} 24. Nxe6 {[%clk 0:09:20]}  Kd7 {[%clk 0:10:05]} 25. Bxe7 {[%clk 0:08:59]}  fxe6 {[%clk 0:09:59]} 26. Bc5 {[%clk 0:08:59]}  Ra8 {[%clk 0:09:53]} 27. h4 {[%clk 0:08:44]}  Rhe8 {[%clk 0:09:49]} 28. f4 {[%clk 0:08:47]}  h5 {[%clk 0:09:14]} 29. a4 {[%clk 0:08:51]}  Kc7 {[%clk 0:08:57]} 30. a5 {[%clk 0:08:55]}  Kd7 {[%clk 0:08:23]} 31. Re5 {[%clk 0:08:58]}  Rg8 {[%clk 0:08:21]} 32. Bb7 {[%clk 0:09:01]}  Rab8 {[%clk 0:08:23]} 33. a6 {[%clk 0:09:05]}  Rbe8 {[%clk 0:08:10]} 34. Bxa7 {[%clk 0:09:05]}  Rgf8 {[%clk 0:08:10]} 35. Bc5 {[%clk 0:09:04]}  Rf5 {[%clk 0:08:14]} 36. a7 {[%clk 0:09:04]} 1-0

[Event "Rapid Tournament (RAP)"]
[Site "Biel, CH"]
[Date "2025.07.13"]
[Round "2"]
[White "Wiesmann, Dominique"]
[Black "Panchanathan, Magesh Chandran"]
[Result "0-1"]
[Board "5"]
[WhiteFideId "1308262"]
[BlackFideId "5007429"]
[BlackTitle "GM"]
[WhiteElo "1978"]
[BlackElo "2454"]
[WhiteTeam "SUI"]
[BlackTeam "IND"]
[WhiteClock "0:06:55"]
[BlackClock "0:11:52"]
[Variant "Standard"]

1. Nf3 {[%clk 0:15:08]}  Nf6 {[%clk 0:15:05]} 2. g3 {[%clk 0:15:05]}  e6 {[%clk 0:15:01]} 3. Bg2 {[%clk 0:15:08]}  d5 {[%clk 0:14:58]} 4. O-O {[%clk 0:15:10]}  c5 {[%clk 0:15:02]} 5. d3 {[%clk 0:15:13]}  Nc6 {[%clk 0:15:03]} 6. Nbd2 {[%clk 0:15:17]}  g6 {[%clk 0:14:58]} 7. e4 {[%clk 0:15:17]}  Bg7 {[%clk 0:14:55]} 8. exd5 {[%clk 0:15:04]}  Nxd5 {[%clk 0:14:54]} 9. Ne4 {[%clk 0:14:45]}  b6 {[%clk 0:14:58]} 10. Bg5 {[%clk 0:13:55]}  f6 {[%clk 0:15:01]} 11. Bd2 {[%clk 0:13:53]}  O-O {[%clk 0:15:04]} 12. Qc1 {[%clk 0:13:48]}  e5 {[%clk 0:14:47]} 13. Bh6 {[%clk 0:13:29]}  Bb7 {[%clk 0:14:50]} 14. Bxg7 {[%clk 0:13:32]}  Kxg7 {[%clk 0:14:54]} 15. a3 {[%clk 0:13:19]}  Qd7 {[%clk 0:14:58]} 16. Qd2 {[%clk 0:12:39]}  Rae8 {[%clk 0:14:59]} 17. Nc3 {[%clk 0:12:04]}  Nxc3 {[%clk 0:13:10]} 18. Qxc3 {[%clk 0:12:36]}  Re7 {[%clk 0:11:28]} 19. Rfe1 {[%clk 0:11:29]}  Rfe8 {[%clk 0:12:13]} 20. Rad1 {[%clk 0:09:50]}  h5 {[%clk 0:12:10]} 21. h4 {[%clk 0:09:54]}  Nd4 {[%clk 0:11:38]} 22. Nxd4 {[%clk 0:09:52]}  cxd4 {[%clk 0:11:42]} 23. Qb3 {[%clk 0:08:51]}  Bxg2 {[%clk 0:11:42]} 24. Kxg2 {[%clk 0:08:54]}  Rc8 {[%clk 0:11:46]} 25. Re2 {[%clk 0:08:26]}  Rc5 {[%clk 0:11:49]} 26. c4 {[%clk 0:07:28]}  dxc3 {[%clk 0:11:50]} 27. bxc3 {[%clk 0:07:32]}  Qc6+ {[%clk 0:11:54]} 28. f3 {[%clk 0:07:24]}  Rxc3 {[%clk 0:11:57]} 29. Qb4 {[%clk 0:07:29]}  Rd7 {[%clk 0:11:55]} 30. Re3 {[%clk 0:07:08]}  a5 {[%clk 0:11:56]} 31. Qe4 {[%clk 0:06:51]}  Qxe4 {[%clk 0:11:48]} 32. dxe4 {[%clk 0:06:55]}  Rc2+ {[%clk 0:11:52]} 0-1